000 00545nam a2200193Ia 4500
005 20250508152652.0
008 008 250505s9999 xx 000 0 hin d
037 _aTextual
040 _aFEDL
_beng
_cFEDL
041 _ahin
_2eng
084 _a630.3, PRA
_qFEDL
100 _aPrashad Amba
_9762104
245 0 _aBraj bhasha shabdawali. Vol 1
260 _aUttar Pradesh, India
_bHindustani Akademi
_c1960
300 _a345p.
490 _aKrishak jeevan sambandhi
942 _cTEXL
_h630.3, PRA
999 _c1337928
_d1337928